Pride and prejudice (Record no. 3466)

MARC details
000 -LEADER
fixed length control field 00439cam a2200181ua 4500
008 - FIXED-LENGTH DATA ELEMENTS--GENERAL INFORMATION
fixed length control field 111126n ii |||gr||||Z||||||eng
040 ## - CATALOGING SOURCE
Transcribing agency MAIN
082 ## - DEWEY DECIMAL CLASSIFICATION NUMBER
Classification number 823
100 ## - MAIN ENTRY--PERSONAL NAME
Personal name Austen, Jane,
Relator term
245 11 - TITLE STATEMENT
Title Pride and prejudice
Statement of responsibility, etc. by Jane Austen
250 ## - EDITION STATEMENT
Edition statement 1st.
260 ## - PUBLICATION, DISTRIBUTION, ETC.
Place of publication, distribution, etc. Ludhiana:
Name of publisher, distributor, etc. Kalyani Publishers,993.
300 ## - PHYSICAL DESCRIPTION
Extent 295p:
Dimensions 23cm.
942 ## - ADDED ENTRY ELEMENTS (KOHA)
Koha item type Books
653 ## - INDEX TERM--UNCONTROLLED
Uncontrolled term English novel
653 ## - INDEX TERM--UNCONTROLLED
Uncontrolled term Pride and prejudice
Holdings
Withdrawn status Lost status Damaged status Not for loan Home library Current library Shelving location Date acquired Total Checkouts Full call number Barcode Date last seen Copy number Price effective from Koha item type
        Central Library, Naharkatiya College Central Library, Naharkatiya College General Stacks 19/09/2020   823 | AUS 5093 19/09/2020 1 19/09/2020 Books

Naharkatiya College © 2020. All rights reserved.

Powered By